LIBRARY & INFORMATION CENTRE, KCAET, TAVANUR

ONLINE PUBLIC ACCESS CATALOGUE (OPAC)

Planning Farm Buildings (Record no. 14556)

MARC details
000 -LEADER
fixed length control field 00293nam a22001337a 4500
020 ## - INTERNATIONAL STANDARD BOOK NUMBER
ISBN 8176222119
082 ## - DEWEY DECIMAL CLASSIFICATION NUMBER
Classification number 690.892
Item number WOO/PL
100 ## - MAIN ENTRY--AUTHOR NAME
Personal name Wooley,John C.
245 ## - TITLE STATEMENT
Title Planning Farm Buildings
250 ## - EDITION STATEMENT
Edition statement 3 rd
260 ## - PUBLICATION, DISTRIBUTION, ETC. (IMPRINT)
Place of publication Delhi
Name of publisher Biotech Books
Year of publication 2011
300 ## - PHYSICAL DESCRIPTION
Number of Pages 303
942 ## - ADDED ENTRY ELEMENTS (KOHA)
Koha item type Books
Holdings
Withdrawn status Lost status Damaged status Collection code Home library Current library Shelving location Date acquired Source of acquisition Cost, normal purchase price Full call number Accession Number Koha item type
        KAUAET KAUAET General Stacks 16/07/2016 Universal Research Books 900.00 690.892 WOO/PL 24302 Books
free website counter